|
|
|
|
| LEADER |
00000nab a2200000 a 4500 |
| 001 |
vtls000676546 |
| 003 |
SK-MaSNL |
| 005 |
20260304094926.0 |
| 008 |
250425c1998 xo 0 slo |
| 015 |
|
|
|a SNBRB1998/12-32878
|
| 035 |
|
|
|a CLN000028717
|
| 035 |
|
|
|a urn:nbn:sk:snk-abbs6l
|
| 035 |
|
|
|a (urnnbn)urn:nbn:sk:snk:ar-0000fu
|
| 035 |
|
|
|a (uuid)9bb2ede1-496e-4128-a807-f09d760cd58e
|
| 040 |
|
|
|a SNKBUCL
|b slo
|c SNKBUCL
|e AACR2
|
| 041 |
0 |
|
|a slo
|
| 044 |
|
|
|a xo
|c SK
|
| 080 |
|
|
|a 82.09:894.511 (437.6)-3(048)
|2 1997
|
| 080 |
|
|
|a 894.511 (437.6)-3(048)
|2 1997
|
| 100 |
1 |
|
|a Hochel, Igor,
|d 1953-
|4 aut
|9 101382
|
| 245 |
1 |
0 |
|a Keď nepočúvame hlas vlastných zvonov
|c Igor Hochel
|
| 650 |
0 |
7 |
|a romány spoločenské maďarské
|x recenzie
|2 snkbucl
|9 840274
|
| 655 |
|
7 |
|a články z novín a časopisov
|2 snkbucl
|9 267496
|
| 773 |
0 |
|
|t Romboid
|g Roč. 33, č. 7 (1998), s. 74-76
|x 0231-6714
|
| 787 |
0 |
8 |
|i Rec.:
|a Grendel, Lajos, 1948-
|t Einsteinove zvony
|d Levice : L.C.A., 1998
|
| 850 |
|
|
|a Slovenská národná knižnica
|
| 852 |
|
|
|a Slovenská národná knižnica
|
| 958 |
|
|
|a article15
|
| 958 |
|
|
|a OND
|
| 958 |
|
|
|a LX
|
| 958 |
|
|
|a SK
|
| 958 |
|
|
|a HU
|
| 958 |
|
|
|a EUIPO
|
| 992 |
|
|
|a RBX
|
| 999 |
|
|
|c 2829721
|d 2831651
|